An investigation of ICT policy implementation in an EFL teacher education program in Vietnam Thesis: Doctor of Philosophy

Saved in:
Bibliographic Details
Main Author: Vo, Phan Thu Ngan
Format: Kit Book
Published: Australia Edith Cowan University‎ 2019
Subjects:
Tags: Add Tag
No Tags, Be the first to tag this record!
Institutions: Trung tâm Học liệu Lê Vũ Hùng, Trường Đại học Đồng Tháp
LEADER 00838ppm a22002538a 4500
001 00045363
005 20200218100250.0
008 170227s2016 ||||||Viesd
041 0 # |a Eng 
082 1 4 |a 428  |b A105I 
100 1 # |a Vo, Phan Thu Ngan 
245 1 0 |a An investigation of ICT policy implementation in an EFL teacher education program in Vietnam  |b Thesis: Doctor of Philosophy  |c Vo Phan Thu Ngan 
260 # # |a Australia  |b Edith Cowan University‎  |c 2019 
300 # # |a 250 tr.  |c 30 cm. 
653 # # |a Công nghệ thông tin 
653 # # |a Giáo dục 
653 # # |a Ứng dụng 
653 # # |a Giáo viên 
653 # # |a Luận án 
653 # # |a Tiếng Anh 
653 # # |a Việt Nam 
852 # # |j LA.0000337 
910 # # |d 18/2/2020 
980 # # |a Trung tâm Học liệu Lê Vũ Hùng, Trường Đại học Đồng Tháp